Smashing Saxons / (Record no. 2878)

MARC details
000 -LEADER
fixed length control field 01277nam a22002897a 4500
001 - CONTROL NUMBER
control field 2878
003 - CONTROL NUMBER IDENTIFIER
control field FISKH
005 - DATE AND TIME OF LATEST TRANSACTION
control field 20241105104548.0
008 - FIXED-LENGTH DATA ELEMENTS--GENERAL INFORMATION
fixed length control field 240119b cb ||||| |||| 00| 0 eng d
040 ## - CATALOGING SOURCE
Original cataloging agency FISKH
Language of cataloging eng
Transcribing agency FISKH
Modifying agency FISKH
050 ## - LIBRARY OF CONGRESS CALL NUMBER
Classification number J942.01
082 ## - DEWEY DECIMAL CLASSIFICATION NUMBER
Classification number 942.01
100 ## - MAIN ENTRY--PERSONAL NAME
Personal name Deary , Terry
245 ## - TITLE STATEMENT
Title Smashing Saxons /
Statement of responsibility, etc. by Deary, Terrry : illustrated by Brown, Martin
250 ## - EDITION STATEMENT
Edition statement First published in 2000
260 ## - PUBLICATION, DISTRIBUTION, ETC.
Place of publication, distribution, etc. London :
Name of publisher, distributor, etc. Scholastic ,
Date of publication, distribution, etc. 2000
300 ## - PHYSICAL DESCRIPTION
Extent 139 pages :
Other physical details illustrations ;
Dimensions 21 cm .
490 ## - SERIES STATEMENT
Series statement Horrible Histories
505 ## - FORMATTED CONTENTS NOTE
Formatted contents note W <br/>
520 ## - SUMMARY, ETC.
Summary, etc. History with twice the nasty bits ... in a horrible new edition! The Smashing Saxons tells the terrible truth about the pillaging people who bashed the Brits but got nobbled by the Normans. The Stormin' Normans follows big bad Bill the Conqueror who battled at Hastings, stormed Europe and joined the crummy Crusades. Featuring curious quizzes, rotten recipes, gruesome games and terrible tests ... for your teacher! History has never been so horribl
521 8# - TARGET AUDIENCE NOTE
Target audience note 870 <br/>
Source Lexile <br/>
521 8# - TARGET AUDIENCE NOTE
Target audience note W <br/>
Source Raz-Plus <br/>
600 ## - SUBJECT ADDED ENTRY--PERSONAL NAME
Source of heading or term wit and humor
Form subdivision non-fiction
610 ## - SUBJECT ADDED ENTRY--CORPORATE NAME
Source of heading or term English histories
Form subdivision Juvenile literature
700 ## - ADDED ENTRY--PERSONAL NAME
Personal name Brown, Martin
Relator term illustrator
942 ## - ADDED ENTRY ELEMENTS (KOHA)
Source of classification or shelving scheme Dewey Decimal Classification
Koha item type Books
Suppress in OPAC No
Holdings
Withdrawn status Lost status Source of classification or shelving scheme Damaged status Not for loan Collection Home library Current library Shelving location Date acquired Total Checkouts Full call number Barcode Date last seen Copy number Price effective from Koha item type
    Dewey Decimal Classification     Non-Fiction Footprints International School Library Network Toul Kork Campus Footprints International School Library Network Toul Kork Campus TTP Secondary Non-Fiction Bookshelves 01/19/2024   DEA 942.01 J942.01 FISTKG3B073 02/28/2024 1 01/19/2024 Books
    Dewey Decimal Classification     Non-Fiction Footprints International School Library Network Toul Kork Campus Footprints International School Library Network Toul Kork Campus TTP Secondary Non-Fiction Bookshelves 01/19/2024   DEA 942.01 J942.01 2024-2284 11/05/2024 2 01/19/2024 Books